Effectif Racing Club de Lens (2025-2026) - Statistiques

Statistiques générales
  • Ce quiz a été pris 83 fois
  • Le résultat moyen est 23 sur 32
Statistiques - réponses
Numéro Poste Nationalité Nom % Correct
10 AD France Florian Thauvin
97%
40 G France Robin Risser
97%
- Coach France Pierre Sage
93%
7 BU France Florian Sotoca
90%
28 MOC France Adrien Thomasson
88%
8 MDC Mali Mamadou Sangare
88%
14 DG France Matthieu Udol
87%
22 BU France Wesley Saïd
86%
20 DC Sénégal Malang Sarr
84%
11 BU France Odsonne Edouard
84%
25 DC Burkina Faso Ismaëlo Ganiou
83%
38 BU France Rayan Fofana
81%
2 DD France Ruben Aguilar
81%
23 DD Arabie Saoudite Saud Abdulhamid
80%
6 DC Autriche Samson Baidoo
78%
9 AG France Allan Saint-Maximin
77%
5 MC Monténégro Andrija Bulatovic
75%
24 DC France Jonathan Gradit
75%
19 AG Sénégal Abdallah Sima
72%
21 MC Mali Amadou Haidara
72%
4 DC Bosnie-Herzégovine Nidal Celik
72%
27 DG RD Congo Arthur Masuaku
62%
16 G France Mathieu Gorgelin
62%
1 G France Regis Gurtner
62%
32 DC France Kyllian Antonio
59%
26 MOC France Anthony Bermont
57%
18 MC France Fodé Sylla
48%
60 G France Ilan Jourdren
42%
34 AD Thaïlande Erawan Garnier
38%
30 G France Adam Delplace
35%
31 MC France Alpha Diallo
22%
39 DG France Oscar Lenne
22%
Aucun quiz correspondant
Distribution des résultats
% des personnes avec chaque résultat
Percentile par nombre de réponses
Votre historique - résultats
Vous n’avez pas pris ce quiz